60's Rock Albums - Sudden Death - Statistics

General Stats
  • This quiz has been taken 197 times
    72 since last reset
  • The average score is 6 of 15
Answers on the Grid
Answers color-coded by a green-red scale on the quiz's grid according to % correct below.
Aerosmith - Get Your Wings
The Band - Music From Big Pink
The Beach Boys - Surfin' U.S.A
The Beatles - A Hard Day's Night
Black Sabbath - Paranoid
Bo Diddley - Go Bo Diddley
Bob Dylan - The Times They Are a-Changin'
Chuck Berry - After School Session
Creedence Clearwater Revival - Bayou Country
Deep Purple - Machine Head
The Doors - Strange Days
Eagles - Desperado
Elton John - Goodbye Yellow Brick Road
Janis Joplin - Pearl
Jefferson Airplane - Surrealistic Pillow
Jethro Tull - Aqualung
Jimi Hendrix - Are You Experienced?
Joni Mitchell - Clouds
Led Zeppelin - Physical Graffiti
Little Richard - Here's Little Richard
Moody Blues - Days of Future Passed
Nazareth - Hair of the Dog
Neil Young - Everybody Knows This is Nowhere
Pink Floyd - A Saucerful of Secrets
Ricky Nelson - Ricky Sings Again
Ritchie Valens - Ritchie
Rolling Stones - Out of Our Heads
Simon & Garfunkel - Sounds of Silence
Todd Rundgren - Something/Anything?
The Who - Tommy
 
Answer Stats
Answer % Correct
The Beatles - A Hard Day's Night
91%
The Beach Boys - Surfin' U.S.A
81%
Bob Dylan - The Times They Are a-Changin'
65%
Creedence Clearwater Revival - Bayou Country
44%
The Doors - Strange Days
44%
Jimi Hendrix - Are You Experienced?
42%
Simon & Garfunkel - Sounds of Silence
40%
The Band - Music From Big Pink
35%
Jefferson Airplane - Surrealistic Pillow
28%
Pink Floyd - A Saucerful of Secrets
28%
Moody Blues - Days of Future Passed
23%
Rolling Stones - Out of Our Heads
23%
The Who - Tommy
23%
Neil Young - Everybody Knows This is Nowhere
12%
Joni Mitchell - Clouds
9%
No matching quizzes found
Score Distribution
Percent of People with Each Score
Percentile by Number Answered
Your Score History
You have not taken this quiz since the last reset